000 00716namaa22001691 4500
001 173787
003 ES-MaACL
005 20231228063256.0
008 100119s1857 sp |||| | spa d
040 _aSpMaBN
_bspa
_cA2
100 1 _aGil y Zárate, Antonio,
_d1793-1861
_956804
245 1 0 _aGuzman el Bueno
_b: drama en cuatro actos /
_cpor Antonio Gil de Zárate.
260 _aMadrid :
_b[Manuel Pedro Delgado],
_c1857 (
_fImp. de Don Cipriano Lopez)
300 _a78 p. ;
_c18 cm.
852 _aES-MaACL
_jB-8605(4)
_z.- Enc. pasta española
_q.- Falto de la cub. original
_z.- Enc. en un vol. facticio formando parte de la col. facticia "Teatro español moderno", vol. 60
999 _c173787
_d173787